Replacemant of Leading Edge of JF-17 Aircraft with Composite Material (Record no. 327286)

000 -LEADER
fixed length control field 00402 a2200133 4500
001 - CONTROL NUMBER
control field 92213
082 ## - DEWEY DECIMAL CLASSIFICATION NUMBER
Classification number PR 2500
090 ## - LOCALLY ASSIGNED LC-TYPE CALL NUMBER (OCLC); LOCAL CALL NUMBER (RLIN)
-- 44173
-- 44172
100 ## - MAIN ENTRY--PERSONAL NAME
Personal name Kashif Hayat; Prof Haris Ali Khan and Babar Saeed (Advisors)
245 ## - TITLE STATEMENT
Title Replacemant of Leading Edge of JF-17 Aircraft with Composite Material
Medium 78 "A" EC
260 ## - PUBLICATION, DISTRIBUTION, ETC.
Place of publication, distribution, etc. Islamabad
Name of publisher, distributor, etc. NUST
Date of publication, distribution, etc. 2015
300 ## - PHYSICAL DESCRIPTION
Extent xii,61p.
500 ## - GENERAL NOTE
General note BE Project Report
942 ## - ADDED ENTRY ELEMENTS (KOHA)
Institution code [OBSOLETE] CAE NUST
Call number prefix PR 2500
Holdings
Withdrawn status Lost status Damaged status Not for loan Collection code Permanent Location Current Location Date acquired Total Checkouts Full call number Barcode Date last seen Price effective from Koha item type
          College of Aeronautical Engineering (CAE) College of Aeronautical Engineering (CAE) 04/03/2017   PR 2500 CAEPR-2500 04/05/2017 04/05/2017 Book
© 2023 Central Library, National University of Sciences and Technology. All Rights Reserved.